Statistiques concernant Personnages des séries cultes

Cliquez ici pour prendre le quiz!

Statistiques générales

  • Ce quiz a été pris 628 fois
  • Le résultat moyen est 9 sur 20

Statistiques - réponses

Réponse% Correct
Onze
89%
Le Professeur
87%
Chandler Bing
70%
Jon Snow
61%
Sherlock Holmes
59%
Bree Van De Kamp
58%
Meredith Grey
58%
Serena van der Woodsen
55%
Maeve Wiley
53%
Sheldon Cooper
50%
Daryl Dixon
42%
Dexter Morgan
41%
Jesse Pinkman
30%
Barracuda
29%
Barney Stinson
28%
MacGyver
23%
Beth Harmon
15%
Joel Miller
15%
Rick Castle
14%
Norman Bates
5%

Distribution des résultats

Percentile par nombre de réponses

% des personnes avec chaque résultat

Votre développement - résultats

Vous n’avez pas pris ce quiz